| 000 | 00420nam a22001697a 4500 | ||
|---|---|---|---|
| 003 | NUST - PNEC | ||
| 005 | 20170116180833.0 | ||
| 008 | 150803b xxu||||| |||| 00| 0 eng d | ||
| 020 | _a058241380X | ||
| 040 | _cLIBRARY | ||
| 082 | _a620 HUG | ||
| 100 |
_94791 _aBolton, W. (William) |
||
| 245 |
_aEngineering science _cW. (William) Bolton |
||
| 250 | _a3rd ed | ||
| 650 |
_94793 _aEngineering _xME |
||
| 942 |
_2ddc _cBK |
||
| 999 |
_c64108 _d64108 |
||